All Drake Projects - Statistics

General Stats
  • This quiz has been taken 19 times
  • The average score is 20 of 25
Answer Stats
Hint Answer % Correct
2009 So Far Gone
100%
2021 Certified Lover Boy
93%
2023 For All The Dogs
93%
2026 ICEMAN
93%
2026 MAID OF HONOUR
93%
2013 Nothing Was the Same
93%
2025 $ome $exy $ongs 4 U
93%
2018 Scorpion
93%
2011 Take Care
93%
2010 Thank Me Later
93%
2016 Views
93%
2026 HABIBTI
87%
2022 Her Loss
87%
2017 More Life
87%
2015 What A Time To Be Alive
87%
2019 Care Package
80%
2020 Dark Lane Demo Tapes
80%
2022 Honestly, Nevermind
80%
2015 If you're reading this it's too late
73%
2018 Scary Hours
67%
2024 100 Gigs
47%
2007 Comeback Season
47%
2006 Room for Improvement
47%
2021 Scary Hours 2
47%
2019 The best in the world pack
33%
No matching quizzes found
Score Distribution
Percent of People with Each Score
Percentile by Number Answered
Your Score History
You have not taken this quiz